Statistics for 内蒙古地图 Inner Mongolia Map Quiz

Click here to take the quiz!

General Stats

  • This quiz has been taken 1 261 times
  • The average score is 10 of 12

Answers on the Map

Answers color-coded by a green-red scale on the quiz's map according to % correct below.
 

Answer Stats

区划% Correct
呼和浩特市
97%
包头市
93%
通辽市
89%
呼伦贝尔市
89%
赤峰市
83%
鄂尔多斯市
78%
阿拉善盟
78%
锡林郭勒盟
75%
兴安盟
72%
乌海市
70%
巴彦淖尔市
66%
乌兰察布市
63%

Score Distribution

Percentile by Number Answered

Percent of People with Each Score

Your Score History

You have not taken this quiz